000 00786nam a2200229 a 4500
001 41356
003 BD-RjUL
005 20211209053354.0
008 160529s1954 ii ||||| |||| 00| 0 ben d
020 _cIRs. .50
035 _a(BD-RjUL)41473
040 _aBD-RjUL
_bben
_cBD-RjUL
_dBD-RjUL
041 _aben
082 _223
_a294.3
_bSED 1954
100 _aসেন, প্রবোধ চন্দ্র
_9127164
245 1 0 _aধম্মপদ-পরিচয় /
_cপ্রবোধ চন্দ্র সেন
260 _aকলিকাতা :
_bবিশ্বভারতী,
_c১৯৫৪ (১৩৬০)
300 _a[৬], ৭০ পৃ. ;
_c২০ সেমি.
650 _aবৌদ্ধধর্ম
_9127165
650 _aBuddhism
_9127166
942 _2ddc
_cBK
999 _c41356
_d41356